00849nam a2200253Ia 4500003000400000005001700004008004100021020001500062040000700077041000800084082002300092100002600115245008200141250000600223260003200229300001500261365001400276650002500290650002800315906008500343942001200428999001900440952013600459OSt20230408104705.0210423s2007 xx 000 0 und d a1412914426 cAL aeng a303.482223b JANF aJANDT (Fred E)983476 aIntroduction to intercultural communication: identities in a global community a5 aUKbSage Publicationsc2007 axx,444bPB b3523cINR aSocial Change983477 aSocial Processes983479 acommunication: ; community. ; global ; identities ; intercultural ; Introduction 2ddccBK c158133d158133 001040708MAJMCaSACPGbSACPGd2010-07-09eAthulya Booksg3523.00l0o303.482 JANFpPG004610r2022-08-24 00:00:00w2021-04-26yBK